|
|
|
|
| LEADER |
00000nam0a2200000 4500 |
| 001 |
15949 |
| 005 |
20231101205043.0 |
| 010 |
|
|
|a 5868590120
|
| 035 |
|
|
|a (RuTPU)RU\TPU\book\16066
|
| 035 |
|
|
|a BOOK00016135
|
| 090 |
|
|
|a 15949
|
| 100 |
|
|
|a 20011209d1994 km y0rusy50 ca
|
| 101 |
0 |
|
|a rus
|
| 102 |
|
|
|a RU
|
| 105 |
|
|
|a y z 000zb
|
| 200 |
1 |
|
|a Богдан Хмельницкий
|e Материалы и исследования
|f Н. И. Костомаров
|
| 210 |
|
|
|a Москва
|c Чарли
|d 1994
|
| 215 |
|
|
|a 766 с.
|
| 225 |
1 |
|
|a Актуальная история России
|
| 600 |
|
1 |
|a Хмельницкий
|g Богдан (Зиновий) Михайлович
|b Б. (З.) М.
|c гетман Украины
|f около 1595 - 1657
|2 stltpui
|3 (RuTPU)RU\TPU\pers\836
|
| 610 |
1 |
|
|a история
|
| 610 |
1 |
|
|a Украина
|
| 610 |
1 |
|
|a 17 век
|
| 610 |
1 |
|
|a национально-освободительное движение
|
| 610 |
1 |
|
|a Россия
|
| 686 |
|
|
|a Т3(4Укр)
|v LBC/SL-A
|2 rubbk
|
| 700 |
|
1 |
|a Костомаров
|b Н. И.
|c российский историк
|f 1817-1885
|g Николай Иванович
|2 stltpush
|3 (RuTPU)RU\TPU\pers\8142
|9 1580
|
| 801 |
|
0 |
|a RU
|b 63413507
|c 20011209
|g PSBO
|
| 801 |
|
2 |
|a RU
|b 63413507
|c 20140319
|g PSBO
|
| 942 |
|
|
|c BK
|